Paroles - Black M - Le prince Aladin (ft. Kev Adams) - Statistiques

Statistiques générales
  • Ce quiz a été pris 220 fois
  • Le résultat moyen est 307 sur 466
Statistiques - réponses
Réponse % Correct
à
98%
a
98%
A
98%
L
95%
D
94%
Aladin
91%
N
91%
I
90%
le
90%
Le
90%
de
89%
la
87%
87%
la la la
87%
vous
83%
les
82%
l'es
82%
Les
82%
tu
82%
je
81%
Je
81%
pas
81%
prince
81%
Bagdad
80%
ne
80%
te
80%
arrive
78%
est
78%
et
78%
Et
78%
Il
78%
il
78%
vos
78%
elles
76%
femmes
75%
qui
75%
yeux
75%
si
74%
Si
74%
tout
74%
Tout
74%
charme
73%
habitants
73%
se
73%
sous
73%
un
73%
fait
72%
monde
72%
taille
72%
tomber
72%
vont
72%
Son
71%
son
71%
Bandez
70%
armes
69%
Prétendant
69%
riche
69%
baisser
68%
beau
68%
conseille
68%
n'êtes
68%
plus
68%
qu'il
68%
une
68%
quand
67%
Quand
67%
ça
65%
c'est
65%
coeur
65%
des
65%
du
65%
dit
64%
haine
63%
petite
63%
vizir
63%
gosse
61%
pour
60%
princes
60%
au
59%
d'où
59%
main
59%
sens
59%
sur
59%
loin
58%
neveu
58%
On
58%
veut
58%
vient
58%
passe
57%
savoir
57%
j'en
56%
cherchez
54%
dis
54%
douce
54%
ou
54%
Poussez
54%
que
54%
contraire
53%
place
53%
y'a
53%
faites
52%
Impossible
51%
Ici
50%
j'arrive
49%
problèmes
49%
venu
49%
légende
47%
tendre
47%
voeux
47%
raconte
46%
tous
46%
ailleurs
45%
Fuck
45%
fuck
45%
faire
44%
génie
44%
libre
44%
Oyez
42%
oyez
42%
Princesse
42%
ses
42%
aux
41%
Tendez
41%
lui
40%
même
40%
or
40%
semblant
40%
dromadaire
39%
feu
39%
sultan
39%
cheveux
38%
demande
38%
Demande
38%
mains
38%
vend
38%
voir
38%
cracheurs
37%
Posé
37%
ouais
36%
rennes
36%
rêve
36%
exauce
35%
l'ai
35%
lissés
35%
suis
35%
tient
35%
voilà
35%
allez
34%
Hey
34%
hey
34%
mille
34%
my
34%
what's
34%
L'homme
33%
Shalia
33%
accompagné
32%
ami
32%
Bien
32%
bon
32%
J'ai
32%
prévenir
32%
insultants
31%
Jean-Michel
31%
ceux
30%
Inclinez
30%
name
30%
trop
30%
arrêtes
29%
400
28%
nazes
28%
prétendants
28%
qu'on
28%
rince
28%
bagdadis
27%
connu
27%
diamants
27%
Avis
26%
jarres
25%
m'aiment
25%
désormais
23%
oui
23%
Chouf
20%
présent
20%
rien
20%
bah
17%
Rababa
14%
l'imitent
10%
femeus
9%
Aucun quiz correspondant
Distribution des résultats
% des personnes avec chaque résultat
Percentile par nombre de réponses
Votre historique - résultats
Vous n’avez pas pris ce quiz